000 00450nam a2200145Ia 4500
003 OSt
005 20260122100331.0
008 211028s2015 xx 000 0 und d
040 _cAIMIT LIBRARY
041 _aeng
100 _aVas, Floyd Vinol; Achar, Sumitha.
_g1316044
_97317
245 _aAnalysis of the competitive strategies of Prakash retail private limited (Harsha Udupi-2) /
260 _aMangalore
_bSumitha Achar
_c2015
942 _2ddc
_cPRO
999 _c218887
_d218887